000 00718nam a2200277Ia 4500
003 OSt
005 20221005050751.0
006 a|||||r|||| 00| 0
007 ta
008 221004b |||||||| |||| 00| 0 eng d
020 _a1566768128
024 _a29776
037 _cTextual
040 _aCRL
_cCRL
_beng
041 _2eng
_aeng
082 _aL23, PO
100 _aKhan Mansoor A
_9595153
245 0 _aPharmaceutical and clinical calculations
250 _aEd 2
260 _aLancaster
_bTechnomic
_c2000
300 _a396
_ccm.
650 _aMEDICINE
700 _a Reddy Indra K
_9595154
942 _hL23, PO
_cTEXL
_2cc
999 _c957696
_d957696